Types of fish - Statistics

General Stats
  • This quiz has been taken 948 times
  • The average score is 13 of 16
Answer Stats
Picture Answer % Correct
Shark
98%
Seahorse
96%
Clownfish
95%
Swordfish
93%
Pufferfish
92%
Catfish
87%
Tuna
85%
Salmon
83%
Lionfish
79%
Barracuda
76%
Blobfish
73%
Anglerfish
71%
Piranha
68%
Ocean Sunfish
62%
Angelfish
53%
Flatfish
41%
No matching quizzes found
Score Distribution
Percent of People with Each Score
Percentile by Number Answered
Your Score History
You have not taken this quiz